<?xml version="1.0" encoding="UTF-8"?>
<record
    xmlns:xsi="http://www.w3.org/2001/XMLSchema-instance"
    xsi:schemaLocation="http://www.loc.gov/MARC21/slim http://www.loc.gov/standards/marcxml/schema/MARC21slim.xsd"
    xmlns="http://www.loc.gov/MARC21/slim">

  <leader>03383cam a2200385   4500500</leader>
  <controlfield tag="005">20260517000311.0</controlfield>
  <datafield tag="041" ind1=" " ind2=" ">
    <subfield code="a">fre</subfield>
  </datafield>
  <datafield tag="042" ind1=" " ind2=" ">
    <subfield code="a">dc</subfield>
  </datafield>
  <datafield tag="100" ind1="1" ind2="0">
    <subfield code="a">Bois de Fer, B&#xE9;atrice</subfield>
    <subfield code="e">author</subfield>
  </datafield>
  <datafield tag="700" ind1="1" ind2="0">
    <subfield code="a">Host, Sabine</subfield>
    <subfield code="e">author</subfield>
  </datafield>
  <datafield tag="700" ind1="1" ind2="0">
    <subfield code="a">Chardon, Beno&#xEE;t</subfield>
    <subfield code="e">author</subfield>
  </datafield>
  <datafield tag="700" ind1="1" ind2="0">
    <subfield code="a">Chatignoux, &#xC9;douard</subfield>
    <subfield code="e">author</subfield>
  </datafield>
  <datafield tag="700" ind1="1" ind2="0">
    <subfield code="a">Beaujouan, Laure</subfield>
    <subfield code="e">author</subfield>
  </datafield>
  <datafield tag="700" ind1="1" ind2="0">
    <subfield code="a">Brun-Ney, Dominique</subfield>
    <subfield code="e">author</subfield>
  </datafield>
  <datafield tag="700" ind1="1" ind2="0">
    <subfield code="a">Gr&#xE9;my, Isabelle</subfield>
    <subfield code="e">author</subfield>
  </datafield>
  <datafield tag="245" ind1="0" ind2="0">
    <subfield code="a">Estimation des hospitalisations en urgence pour mesurer les effets &#xE0; court terme de la pollution atmosph&#xE9;rique&#xA0;: qualit&#xE9; des donn&#xE9;es issues du PMSI</subfield>
  </datafield>
  <datafield tag="260" ind1=" " ind2=" ">
    <subfield code="c">2009.
							</subfield>
  </datafield>
  <datafield tag="500" ind1=" " ind2=" ">
    <subfield code="a">2</subfield>
  </datafield>
  <datafield tag="520" ind1=" " ind2=" ">
    <subfield code="a">R&#xE9;sum&#xE9;Pour l&#x2019;&#xE9;tude des effets &#xE0; court terme de la pollution atmosph&#xE9;rique, le programme Erpurs utilise les donn&#xE9;es d&#x2019;hospitalisations issues du PMSI. Or cette source de donn&#xE9;es ne permet pas de faire la distinction entre les hospitalisations en urgence et les admissions programm&#xE9;es, qui a priori n&#x2019;ont pas de lien imm&#xE9;diat avec la pollution atmosph&#xE9;rique. Cette &#xE9;tude vise &#xE0; d&#xE9;terminer en quelle mesure les admissions programm&#xE9;es affectent la qualit&#xE9; de l&#x2019;indicateur sanitaire utilis&#xE9; pour estimer les effets de la pollution atmosph&#xE9;rique. Pour cela, cet indicateur est compar&#xE9; &#xE0; trois nouveaux indicateurs d&#x2019;hospitalisations en urgence reconstruits &#xE0; partir des donn&#xE9;es de l&#x2019;Assistance publique &#x2013; h&#xF4;pitaux de Paris, d&#x2019;une part issues du PMSI, et d&#x2019;autre part du r&#xE9;seau cyber urgences regroupant les services d&#x2019;urgences informatis&#xE9;s. Selon la pathologie, les admissions programm&#xE9;es introduiraient un bruit rendant difficile la mise en &#xE9;vidence des risques les plus faibles.</subfield>
  </datafield>
  <datafield tag="520" ind1=" " ind2=" ">
    <subfield code="a">Estimating emergency hospital admissions to gauge short-term effects of air pollution: evaluation of health data qualityThe study of the short-term effects and health impact of air pollution is carrier out by the ERPURS regional surveillance program which utilizes hospitalization data obtained from the French hospital information system (PMSI) to determine these links. This system does not permit the distinction between emergency hospital admissions from scheduled ones, which cannot be related to short term changes in air pollution levels. This study examines how scheduled admissions affect the quality of the health indicators used to estimate air pollution effects. This indicator is compared to three new emergency hospitalisation indicators reconstructed based on data from the public hospitals in Paris, partly from the PMSI data and partly with data from an on-line emergency network that regroups all of the computerized emergency services. According to the pathology, scheduled admissions present a difficulty which affects the capacity to highlight the weakest risks with any precision.</subfield>
  </datafield>
  <datafield tag="690" ind1=" " ind2=" ">
    <subfield code="a">&#xE9;pid&#xE9;miologie</subfield>
  </datafield>
  <datafield tag="690" ind1=" " ind2=" ">
    <subfield code="a">hospitalisations</subfield>
  </datafield>
  <datafield tag="690" ind1=" " ind2=" ">
    <subfield code="a">indicateurs sanitaires</subfield>
  </datafield>
  <datafield tag="690" ind1=" " ind2=" ">
    <subfield code="a">PMSI</subfield>
  </datafield>
  <datafield tag="690" ind1=" " ind2=" ">
    <subfield code="a">pollution atmosph&#xE9;rique</subfield>
  </datafield>
  <datafield tag="690" ind1=" " ind2=" ">
    <subfield code="a">urgences</subfield>
  </datafield>
  <datafield tag="690" ind1=" " ind2=" ">
    <subfield code="a">air pollution</subfield>
  </datafield>
  <datafield tag="690" ind1=" " ind2=" ">
    <subfield code="a">emergency services</subfield>
  </datafield>
  <datafield tag="690" ind1=" " ind2=" ">
    <subfield code="a">epidemiology</subfield>
  </datafield>
  <datafield tag="690" ind1=" " ind2=" ">
    <subfield code="a">French hospital information system</subfield>
  </datafield>
  <datafield tag="690" ind1=" " ind2=" ">
    <subfield code="a">health indicators</subfield>
  </datafield>
  <datafield tag="690" ind1=" " ind2=" ">
    <subfield code="a">hospitalisations</subfield>
  </datafield>
  <datafield tag="786" ind1="0" ind2=" ">
    <subfield code="n">Sant&#xE9; Publique | 21 | 2 | 2009-05-19 | p. 147-158 | 0995-3914</subfield>
  </datafield>
  <datafield tag="856" ind1="4" ind2="1">
    <subfield code="u">https://stm.cairn.info/revue-sante-publique-2009-2-page-147?lang=fr&amp;redirect-ssocas=7080</subfield>
  </datafield>
  <datafield tag="999" ind1=" " ind2=" ">
    <subfield code="c">2231118</subfield>
    <subfield code="d">2231119</subfield>
  </datafield>
</record>
